AH International Schools' Libraries

Save Rafe! / (Record no. 49805)

MARC details
000 -LEADER
fixed length control field 00722pam a2200193 i 4500
001 - CONTROL NUMBER
control field 016972472
020 ## - INTERNATIONAL STANDARD BOOK NUMBER
International Standard Book Number 9780099596431 (pbk.) :
100 1# - MAIN ENTRY--PERSONAL NAME
Personal name Patterson, James,
Dates associated with a name 1947-
Relator term author.
9 (RLIN) 10737
245 10 - TITLE STATEMENT
Title Save Rafe! /
Statement of responsibility, etc James Patterson and Chris Tebbetts.
260 ## - PUBLICATION, DISTRIBUTION, ETC. (IMPRINT)
Place of publication, distribution, etc London:
Name of publisher, distributor, etc Young Arrow
Date of publication, distribution, etc 2015.
300 ## - PHYSICAL DESCRIPTION
Extent 271 pages :
Other physical details illustrations (black and white) ;
Dimensions 20 cm.
490 0# - SERIES STATEMENT
Series statement Middle school series
500 ## - GENERAL NOTE
General note Originally published: 2014.
650 #0 - SUBJECT ADDED ENTRY--TOPICAL TERM
Topical term or geographic name as entry element Khatchadorian, Rafe (Fictitious character). Humorous stories. Juvenile Fiction.
Form subdivision Fiction.
9 (RLIN) 86939
655 #0 - INDEX TERM--GENRE/FORM
Genre/form data or focus term Humorous stories.
700 1# - ADDED ENTRY--PERSONAL NAME
Personal name Tebbetts, Christopher,
Relator term author.
9 (RLIN) 80604
700 1# - ADDED ENTRY--PERSONAL NAME
Personal name Park, Laura,
Dates associated with a name 1980-
Relator term illustrator.
9 (RLIN) 80605
942 ## - ADDED ENTRY ELEMENTS (KOHA)
Source of classification or shelving scheme
Koha item type J FIC BOOKS
Holdings
Withdrawn status Lost status Source of classification or shelving scheme Damaged status Not for loan Collection code Home library Current library Shelving location Date acquired Total Checkouts Full call number Barcode Checked out Date last seen Date checked out Price effective from Koha item type
          SECONDARY Asian Hope Secondary Library Asian Hope Secondary Library Junior Fiction 11/20/2025 1 J FIC PAT 208761 03/21/2026 01/20/2026 01/20/2026 11/20/2025 J FIC BOOKS

For any Logos Library related questions please contact Miss Art at swongnarasuk@asianhope.org.

For any Asian Hope Library related questions please contact Miss Raza at graza@asianhope.org.

Powered by Koha